000 00648nam a2200229 i 4500
001 C2-0261232
003 PPAK
005 20180727230742.0
008 041207s1998 my |||| ||||| | may d
040 _aPPAK
_beng
_cPPAK
_erda
082 0 4 _a297.1229
_223
090 0 0 _a297.1229
_bKIF
_dKAA
245 0 0 _aKifayat membaca yaasin
264 1 _a[Alor Setar, Kedah] :
_bAngkatan Sasterawan Nasional Kedah (ASASI) ,
_c1998
300 _a26 pages ;
_c19 cm
336 _2rdacontent
_atext
337 _2rdamedia
_aunmediated
338 _2rdacarrier
_avolume
500 _aTeks dalam tulisan Jawi
650 1 0 _aKoran - Hermeneutics
942 _ddc
_cB
999 _c71936
_d71936